| 000 | 01009nam a2200253Ia 4500 | ||
|---|---|---|---|
| 003 | OSt | ||
| 005 | 20221005111139.0 | ||
| 006 | a|||||r|||| 00| 0 | ||
| 007 | ta | ||
| 008 | 221004b |||||||| |||| 00| 0 hin d | ||
| 020 | _c195 | ||
| 024 | _a96835 | ||
| 037 |
_b566, 23/03/2009, Vani Prakashan _cTextual |
||
| 040 |
_aCRL _cCRL _bhin |
||
| 041 |
_2hin _ahin |
||
| 082 | _aP168, 152P3 | ||
| 100 | _aशुक्ल, वागीश | ||
| 245 | 0 |
_aउर्दू साहित्य का देवनागरी में लिपीकरण _b कुछ समस्याएॅं, कुछ सुझाव |
|
| 246 | _aUrdū sāhitya kā devanāgarī mean lipīkaraṇa: kuchh samasyāeॅan, kuchh suzāva | ||
| 260 |
_aनई दिल्ली _bवाणी प्रकाशन भारत _c2003 |
||
| 300 |
_a109पृ0 _ccm. |
||
| 942 |
_hP168, 152P3 _cTEXL _2cc |
||
| 999 |
_c1020957 _d1020957 |
||